Oposto - Statistics

Estatísticas Gerais
  • Esse quiz foi jogado 103 vezes
  • A pontuação média é 15 de 15
Estatísticas das Respostas
Hint Resposta % Correto
Aberto Fechado
100%
Bonito Feio
100%
Dentro Fora
100%
Quente Frio
100%
Magro Gordo
100%
Pequeno Grande
100%
Dia Noite
100%
Rico Pobre
100%
Limpo Sujo
100%
Norte Sul
100%
Verdade Mentira
99%
Alegria Tristeza
99%
Cheio Vazio
99%
Oriente Ocidente
96%
Este Oeste
68%
Nenhum quiz correspondente encontrado
Distribuição das Pontuações
Porcentagem de Pessoas com Cada Pontuação
Percentil de Números Respondidos
Sua Pontuação Histórica
Você não jogou esse quiz